000 00438nam a22001457a 4500
020 _a969-35-1693-1
040 _cNUST
082 _a891.51,YAZ
100 _aYazdani, Khwaja Hameed
_9110475
245 _aSharh-e-Zarb-e-Kaleem / شرح ضرب کلیم (Urdu) /
_cKhwaja Hameed Yazdani
260 _aLahore
_bSang-e-Meel Pub
_c2010
300 _a240 p;,
650 _aUrdu Literature
_xUrdu Poetry
_9110476
942 _2ddc
_cBK
_k891.51,YAZ
999 _c593800
_d593800